All I need - Radiohead all lyrics - Statistics

General Stats
  • This quiz has been taken 129 times
  • The average score is 84 of 122
Answer Stats
Answer % Correct
I
100%
a
98%
all
95%
need
95%
you
93%
You
93%
in
91%
the
89%
your
89%
You're
88%
I'm
86%
of
82%
are
79%
an
72%
middle
70%
picture
68%
to
68%
am
61%
waiting
60%
animal
58%
It's
58%
it's
58%
Lying
56%
trapped
56%
just
54%
that
54%
ignore
51%
next
51%
choose
49%
days
49%
car
47%
hot
47%
light
47%
who
47%
reeds
46%
wants
46%
wrong
46%
insect
44%
get
42%
no
42%
trying
42%
out
40%
share
40%
alright
37%
wings
37%
act
35%
moth
35%
there
35%
with
35%
because
33%
only
30%
others
30%
stick
30%
night
23%
No matching quizzes found
Score Distribution
Percent of People with Each Score
Percentile by Number Answered
Your Score History
You have not taken this quiz